Movie Quote Extravaganza Quiz Stats

Quiz Updated Feb 25, 2013

Challenge
Share
Tweet
Embed
Score 0/45 Timer 10:00
0 Plays Today
% Correct
Toy Story
89.9%
Woody
85.2%
Jurassic Park
83.6%
Tom Hanks
82.2%
Nicolas Cage
79.3%
The Lord of the Rings: The Fellowship of the Ring
79.2%
National Treasure
76.9%
The Silence of the Lambs
75.2%
Back to the Future
75.1%
Gandalf the Grey
68.8%
Hannibal Lecter
66.4%
Anthony Hopkins
65.2%
Doc Brown
65.2%
Christopher Lloyd
56.1%
Jeff Goldblum
54%
Ian McKellen
52.6%
The Godfather: Part II
51.6%
Gladiator
50%
Pirates of the Caribbean: The Curse of the Black Pearl
49.3%
Al Pacino
48.7%
Russell Crowe
46.8%
Batman
44.4%
Jack Nicholson
44%
% Correct
Michael Corleone
43.9%
The Joker
43.6%
Star Wars
43.1%
Maximus
43.1%
Home Alone
40.2%
Princess Leia Organa
39.6%
Jim Carrey
37.8%
Dumb and Dumber
37.7%
Captain Barbossa
37.4%
It's a Wonderful Life
37.2%
Carrie Fisher
36.5%
Kevin McCallister
34.2%
Geoffrey Rush
34.1%
Jimmy Stewart
34%
Macaulay Culkin
31.2%
Dr. Ian Malcolm
30.8%
George Bailey
26.1%
Benjamin Franklin Gates
24.8%
Lloyd Christmas
24.6%
The Usual Suspects
24.3%
Kevin Spacey
23.3%
Verbal Kint
19.8%

You're not logged in!

Compare scores with friends on all Sporcle quizzes.
Sign Up with Email
OR
Log In

You Might Also Like...

Show Comments

Extras

Top Quizzes Today


Score Distribution

Your Account Isn't Verified!

In order to create a playlist on Sporcle, you need to verify the email address you used during registration. Go to your Sporcle Settings to finish the process.